MARC details
| 000 -CABECERA |
| campo de control de longitud fija |
00989cam a2200301 a 4500 |
| 001 - NÚMERO DE CONTROL |
| campo de control |
000018261 |
| 003 - IDENTIFICADOR DEL NÚMERO DE CONTROL |
| campo de control |
UkOxU |
| 005 - FECHA Y HORA DE LA ÚLTIMA TRANSACCIÓN |
| campo de control |
20200929165427.0 |
| 008 - DATOS DE LONGITUD FIJA--INFORMACIÓN GENERAL |
| campo de control de longitud fija |
750919s1969 sp 000 f spa d |
| 035 ## - NÚMERO DE CONTROL DEL SISTEMA |
| Número de control de sistema |
OCLC ocm01637478 from D961226T |
| 040 ## - FUENTE DE LA CATALOGACIÓN |
| Centro catalogador/agencia de origen |
DO-SdBNP |
| Centro/agencia transcriptor |
DZM |
| Centro/agencia modificador |
EQO |
| 041 17 - CÓDIGO DE LENGUA |
| Código de lengua del texto/banda sonora o título independiente |
spa |
| Código de lengua original |
eng |
| Fuente del código |
código de idioma Marc |
| 082 ## - NÚMERO DE LA CLASIFICACIÓN DECIMAL DEWEY |
| Número de clasificación |
863.64 |
| Número de documento/Ítem |
B466g |
| 049 ## - FONDOS LOCALES (OCLC) |
| Fondos de biblioteca |
BNGR |
| 100 1# - ENTRADA PRINCIPAL--NOMBRE DE PERSONA |
| Nombre de persona |
Benguerel, Xavier, |
| Fechas asociadas al nombre |
1905-1990 |
| 9 (RLIN) |
39553 |
| 240 10 - TÍTULO UNIFORME |
| Título uniforme |
Gorra de plat |
| Lenguaje de la obra |
Español |
| 245 10 - MENCIÓN DE TÍTULO |
| Título |
Gorra de plato / |
| Mención de responsabilidad, etc. |
Xavier Benguerel ; traductor Luis Carandell. |
| 260 ## - PUBLICACIÓN, DISTRIBUCIÓN, ETC. |
| Lugar de publicación, distribución, etc. |
Madrid : |
| Nombre del editor, distribuidor, etc. |
Alfaguara, |
| Fecha de publicación, distribución, etc. |
1969. |
| 300 ## - DESCRIPCIÓN FÍSICA |
| Extensión |
308 p. ; |
| Dimensiones |
21cm. |
| 490 1# - MENCIÓN DE SERIE |
| Mención de serie |
Alfaguara Literatura |
| Designación de volumen o secuencia |
20 |
| 534 ## - NOTA SOBRE LA VERSIÓN ORIGINAL |
| Encabezamiento principal del original |
Título original |
| Mención de título del original |
Gorra de plat |
| 650 #4 - PUNTO DE ACCESO ADICIONAL DE MATERIA--TÉRMINO DE MATERIA |
| Término de materia o nombre geográfico como elemento de entrada |
Novela española |
| 9 (RLIN) |
1123 |
| 650 #4 - PUNTO DE ACCESO ADICIONAL DE MATERIA--TÉRMINO DE MATERIA |
| Término de materia o nombre geográfico como elemento de entrada |
Literatura española |
| 9 (RLIN) |
632 |
| 700 1# - PUNTO DE ACCESO ADICIONAL--NOMBRE DE PERSONA |
| Nombre de persona |
Carandell, Luis |
| Término indicativo de función/relación |
tr. |
| 9 (RLIN) |
27704 |
| 830 #0 - PUNTO DE ACCESO ADICIONAL DE SERIE-TÍTULO UNIFORME |
| Título uniforme |
Alfaguara Literatura ; |
| Designación de volumen o secuencia |
20 |
| 9 (RLIN) |
39554 |
| 910 ## - DATOS DE OPCIÓN DEL USUARIO (OCLC) |
| Datos de opción del usuario |
Catalogación por copia /Oxford |